|
|
|
|
| LEADER |
00000nam0a2200000 4500 |
| 001 |
47855 |
| 005 |
20231101211120.0 |
| 010 |
|
|
|a 5060041034
|
| 035 |
|
|
|a (RuTPU)RU\TPU\book\50041
|
| 090 |
|
|
|a 47855
|
| 100 |
|
|
|a 20030226d2002 m y0rusy50 ca
|
| 101 |
0 |
|
|a rus
|
| 102 |
|
|
|a RU
|
| 105 |
|
|
|a y j 001zy
|
| 200 |
1 |
|
|a Социология
|e учебное пособие
|f А. Л. Маршак
|
| 210 |
|
|
|a Москва
|c Высшая школа
|d 2002
|
| 215 |
|
|
|a 317 с.
|
| 320 |
|
|
|a Библиогр.: с. 316-117.
|
| 606 |
1 |
|
|a Социология
|2 stltpush
|3 (RuTPU)RU\TPU\subj\67656
|9 83377
|
| 610 |
1 |
|
|a социология
|
| 610 |
1 |
|
|a теория
|
| 610 |
1 |
|
|a история
|
| 610 |
1 |
|
|a методология
|
| 610 |
1 |
|
|a социологические исследования
|
| 610 |
1 |
|
|a социологические теории
|
| 610 |
1 |
|
|a социальные институты
|
| 610 |
1 |
|
|a личность
|
| 610 |
1 |
|
|a труд
|
| 610 |
1 |
|
|a политика
|
| 610 |
1 |
|
|a религия
|
| 610 |
1 |
|
|a молодежь
|
| 610 |
1 |
|
|a общественное мнение
|
| 610 |
1 |
|
|a девиантное поведение
|
| 610 |
1 |
|
|a экологическая социология
|
| 610 |
1 |
|
|a учебные пособия
|
| 686 |
|
|
|a С5я73
|v LBC/SL-A
|2 rubbk
|
| 700 |
|
1 |
|a Маршак
|b А. Л.
|g Аркадий Львович
|
| 801 |
|
1 |
|a RU
|b 63413507
|c 20030226
|g PSBO
|
| 801 |
|
2 |
|a RU
|b 63413507
|c 20220408
|g PSBO
|
| 900 |
|
|
|a Социология
|
| 942 |
|
|
|c BK
|
| 952 |
|
|
|a 510000
|b 010000
|